000 00687nam a2200217Ia 4500
003 GCL
008 140319s9999 xx 000 0 ara d
040 _aGCL /
_cGCL
082 0 4 _a364.132
_bم ج
100 1 _aمحمد احمد عابدين
245 1 0 _aجرائم الموظف العام التى تقع منه او علية /
_cمحمد احمد عابدين
260 _a[S.N] :
_bدار المطبوعات الجامعية ،
_c1991
300 _a347 ص
490 _a
650 0 4 _aالقانون
650 0 4 _aالجريمة والمجرمون
650 0 4 _aالتزوير
650 0 4 _aالقانون الادارى
650 0 4 _aالاختلاس
942 _2ddc
_cBK
999 _c55447
_d55447